00539 2200217 4500001002100000005001500021035002000036007000300056008004100059020001800100082001000118084001600128100002000144245003700164250001100201260003400212300002900246650001800275990001400293990001400307INLIS00000000000772920260420022341 a0010-0426000040ta260420 | | ind  a979-736-689-8 a636.3 a636.3 RUK b1 aRukmana, Rahmat1 aBeternak Domba /cRahmat Rukmana aCet. 1 aSemarang :bAneka Ilmu,c2007 a105 hlm :bilus ;c21 cm 4aKambing/Domba a4911/2024 a4912/2024